00555 2200217 4500001002100000008004100021035002000062245004400082100001100126260003500137300001200172020001800184084001400202082000800216650001500224990001800239990002000257990002000277990002000297990002000317INLIS000000000000982 ind  a0010-0724000982 aMagnetbSeri Sains untuk PemulacAnisah aAnisah aSurabaya :bWahana Ilmu,c2007 a20 hlm. a979.9409.57.8 a538 ANI m a538 aMagnetisme aP29/CP/24/982 aP29/CP/24/982.1 aP29/CP/24/982.2 aP29/CP/24/982.3 aP29/CP/24/982.4